Central Library OPAC University of Rajshahi

পুরানো জানিয়া / (Record no. 74079)

MARC details
000 -LEADER
fixed length control field 00950nam a2200241 a 4500
001 - CONTROL NUMBER
control field 74079
003 - CONTROL NUMBER IDENTIFIER
rucl marc code BD-RjUL
005 - DATE AND TIME OF LATEST TRANSACTION
control field 20211209082505.0
008 - FIXED-LENGTH DATA ELEMENTS--GENERAL INFORMATION
fixed length control field 180215s2016 bg ||||| |||| 00| 0 ben d
020 ## - INTERNATIONAL STANDARD BOOK NUMBER
International Standard Book Number 9847012005255
Terms of availability Tk. 200
035 ## - SYSTEM CONTROL NUMBER
System control number (BD-RjUL)74297
040 ## - CATALOGING SOURCE
Original cataloging agency BD-RjUL
Language of cataloging eng
Transcribing agency BD-RjUL
041 ## - LANGUAGE CODE
Language code of text/sound track or separate title ben
082 ## - DEWEY DECIMAL CLASSIFICATION NUMBER
Edition number 23
Classification number 891.4409
Author mark and year SAP 2016
100 1# - MAIN ENTRY--PERSONAL NAME
Personal name সাহা, সনৎকুমার
9 (RLIN) 220180
245 10 - TITLE STATEMENT
Title পুরানো জানিয়া /
Statement of responsibility, etc. সনৎকুমার সাহা ; সম্পাদক , মুহিত হাসান
260 ## - PUBLICATION, DISTRIBUTION, ETC. (IMPRINT)
Place of publication, distribution, etc. ঢাকা :
Name of publisher, distributor, etc. কথা প্রকাশ ,
Date of publication, distribution, etc. ২০১৬
300 ## - PHYSICAL DESCRIPTION
Pagination ১৫৯ পৃ. ;
Size ২২ সেমি.
650 ## - SUBJECT ADDED ENTRY--TOPICAL TERM
Topical term or geographic name as entry element বাংলা প্রবন্ধ
Form subdivision ইতিহাস ও সমালোচনা
9 (RLIN) 220181
Topical term or geographic name as entry element Bengali poetry
Form subdivision History and Criticism
9 (RLIN) 220182
700 ## - ADDED ENTRY--PERSONAL NAME
Personal name হাসান, মুহিত
942 ## - ADDED ENTRY ELEMENTS (KOHA)
Source of classification or shelving scheme Dewey Decimal Classification
Koha item type Books
Holdings
Lost status Source of classification or shelving scheme Damaged status Not for loan Collection code Permanent Location Current Location Shelving location Date acquired Source of acquisition Cost, normal purchase price Total Checkouts Full call number Date last seen Copy number Koha item type Date checked out
  Dewey Decimal Classification   Not For Loan Non-fiction Central Library, University of Rajshahi Central Library, University of Rajshahi Reading Room 14/09/2017 Rajshahi, Viddya sagore 200.00   B 891.4409 SAP 2016 15/02/2018 C-1 Books  
  Dewey Decimal Classification     Non-fiction Central Library, University of Rajshahi Central Library, University of Rajshahi   14/09/2017 Rajshahi, Viddya sagore 200.00 1 B 891.4409 SAP 2016 17/12/2018 C-2 Books 09/12/2018
  Dewey Decimal Classification     Non-fiction Central Library, University of Rajshahi Central Library, University of Rajshahi   14/09/2017 Rajshahi, Viddya sagore 200.00 2 B 891.4409 SAP 2016 11/04/2023 C-3 Books 02/04/2023